000
00290nam a22001337a 4500
020
_a
978-93-82776-43-7
082
_a
823
_b
SAS/F
100
_a
SASI, MADAVOOR
245
_a
THE FOOLISH LION
260
_a
THRISSUR
_b
H&C
300
_a
48
650
_a
ENGLISH SHORT STORY
_z
KERALA
942
_c
BK
999
_c
3600
_d
3600